000 00800nab a2200241 u 4500
001 13955
003 HDC
007 cr bn ---aaaaa
008 210214c xx dr|noo 0 a eng d
040 _aHDC
245 0 _aMARDI Targets Middle East With Black Ginger Supplement
260 _a[No place] :
_b[publisher not identified],
_c[no date]
336 _atext
_2rdacontent
337 _acomputer
_2rdamedia
338 _aonline resource
_2rdacarrier
650 _aAgriculture
_91238
650 _aFood industry and trade
_9140
710 _aBernama Plus
856 _zRequest full-text at [email protected]
942 _2lcc
942 _cNEWS
942 _kNWSO 001836
999 _c11271
_d11271